Công nghệ xử lý, tái chế tái sử dụng chất thải rắn

Khái quát về kinh tế sản xuất và kinh tế chất thải. Giới thiệu các kỹ thuật xử lý, tái chế, tái sử dụng chất thải rắn. Thiết kế và vận hành các công trình lưu trữ và xử lý chất thải nguy hại và lựa chọn công nghệ xử lý chất thả...

Ausführliche Beschreibung

Gespeichert in:
Bibliographische Detailangaben
Format: Buch
Sprache:Undetermined
Veröffentlicht: Hà Nội Xây dựng 2012
Schlagworte:
Tags: Tag hinzufügen
Keine Tags, Fügen Sie den ersten Tag hinzu!
Thư viện lưu trữ: Trung tâm Học liệu Trường Đại học Cần Thơ
LEADER 01028nam a2200193Ia 4500
001 CTU_181203
008 210402s9999 xx 000 0 und d
020 |c 105000 
082 |a 628.44 
082 |b C455 
245 0 |a Công nghệ xử lý, tái chế tái sử dụng chất thải rắn 
245 0 |c Nguyễn Đức Khiển, ...[et al.] 
260 |a Hà Nội 
260 |b Xây dựng 
260 |c 2012 
520 |a Khái quát về kinh tế sản xuất và kinh tế chất thải. Giới thiệu các kỹ thuật xử lý, tái chế, tái sử dụng chất thải rắn. Thiết kế và vận hành các công trình lưu trữ và xử lý chất thải nguy hại và lựa chọn công nghệ xử lý chất thải rắn thích hợp 
650 |a Refuse and refuse disposal,Quản lý và xử lý chất thải rắn 
904 |i Hải 
980 |a Trung tâm Học liệu Trường Đại học Cần Thơ